Jonah and the Whale (Record no. 121)

MARC details
000 -LEADER
fixed length control field 00397nam a22001457a 4500
003 - CONTROL NUMBER IDENTIFIER
control field OSt
005 - DATE AND TIME OF LATEST TRANSACTION
control field 20160727222343.0
008 - FIXED-LENGTH DATA ELEMENTS--GENERAL INFORMATION
fixed length control field 160620b xxu||||| |||| 00| 0 eng d
040 ## - CATALOGING SOURCE
Transcribing agency Test
100 ## - MAIN ENTRY--PERSONAL NAME
9 (RLIN) 149
Personal name Creative
Titles and words associated with a name Jonah and the Whale: Bible Story
245 ## - TITLE STATEMENT
Title Jonah and the Whale
Remainder of title Bible Story
260 ## - PUBLICATION, DISTRIBUTION, ETC. (IMPRINT)
Place of publication, distribution, etc. Canada
Name of publisher, distributor, etc. Creative
Date of publication, distribution, etc. 2003
300 ## - PHYSICAL DESCRIPTION
Extent Jonah and the Whale: Bible Story
942 ## - ADDED ENTRY ELEMENTS (KOHA)
Source of classification or shelving scheme Dewey Decimal Classification
Koha item type BOOK
Holdings
Withdrawn status Lost status Source of classification or shelving scheme Damaged status Not for loan Home library Current library Date acquired Total Checkouts Full call number Barcode Date last seen Price effective from Koha item type
    Dewey Decimal Classification     Good Samaritan School Library Good Samaritan School Library 06/20/2016   80 CRE108 06/20/2016 06/20/2016 BOOK

Powered by Koha